[Event "Campeonato del Mundo sub-20 2010"]
[Site "Chotowa POL"]
[Date "2010.08.13"]
[Round "10.8"]
[White "Rasulov, Vugar Ural"]
[Black "Durarbeyli, Vasif"]
[Result "1/2-1/2"]
[WhiteElo "2442"]
[BlackElo "2501"]
[PlyCount "163"]
[EventDate "2010.08.03"]
[EventType "swiss"]
[EventRounds "13"]
[EventCountry "POL"]
[Source "lmi"]
[SourceDate "2010.08.03"]

1. e4 c5 2. Nf3 d6 3. d4 Nf6 4. dxc5 Nxe4 5. cxd6 Nxd6 6. Bf4 Nc6 7. Nc3 g6 8.
Nb5 Nxb5 9. Qxd8+ Kxd8 10. Bxb5 Bg7 11. O-O-O+ Bd7 12. Bc4 Kc8 13. Ng5 Bh6 14.
Kb1 Bxg5 15. Bxg5 f6 16. Bf4 h6 17. h4 e5 18. Be3 Kc7 19. Bc5 Rad8 20. h5 g5
21. Rd6 b6 22. Ba3 Rhf8 23. Bb5 Rf7 24. Rhd1 Nd4 25. Bc4 Rh7 26. Rxf6 Bg4 27.
f3 Bxh5 28. Kc1 e4 29. c3 exf3 30. cxd4 fxg2 31. Rg1 Rxd4 32. b3 Rd1+ 33. Rxd1
Bxd1 34. Bd6+ Kd8 35. Rf8+ Kd7 36. Bh2 Bg4 37. Rf2 Bh3 38. Bd5 h5 39. Kd2 g4
40. Bxg2 Bxg2 41. Rxg2 Ke6 42. Ke3 Kf5 43. Rf2+ Kg5 44. Bf4+ Kg6 45. Ke4 h4 46.
Be5 g3 47. Rf3 Kg5 48. Bf6+ Kg6 49. Be5 Kg5 50. Rf8 Kg4 51. Rf4+ Kh3 52. Kf3
Rh5 53. Bf6 g2 54. Bd4 Kh2 55. Re4 h3 56. Re1 Rf5+ 57. Kg4 Rf1 58. Re2 Rf8 59.
Re1 Rg8+ 60. Kh4 g1=Q 61. Bxg1+ Rxg1 62. Re3 Kg2 63. Rxh3 Kf2 64. Rc3 Ra1 65.
Rc2+ Ke3 66. Kg4 Kd3 67. Rh2 Kc3 68. Kf3 b5 69. Ke4 Rd1 70. Rh6 a5 71. Rh5 Re1+
72. Kd5 Kb4 73. Rh2 Rg1 74. Rf2 Rg4 75. Rh2 a4 76. bxa4 Kxa4 77. Kc5 Rc4+ 78.
Kb6 Rg4 79. Rh8 Rg2 80. Ra8+ Kb4 81. a3+ Kc4 82. Rc8+ 1/2-1/2

[Event "Campeonato del Mundo sub-20 2010"]
[Site "Chotowa POL"]
[Date "2010.08.13"]
[Round "10.9"]
[White "Yilmaz, Mustafa"]
[Black "Volodin, Aleksandr"]
[Result "0-1"]
[WhiteElo "2479"]
[BlackElo "2422"]
[PlyCount "78"]
[EventDate "2010.08.03"]
[EventType "swiss"]
[EventRounds "13"]
[EventCountry "POL"]
[Source "lmi"]
[SourceDate "2010.08.03"]

1. e4 c5 2. Nf3 e6 3. d4 cxd4 4. Nxd4 Nf6 5. Nc3 d6 6. g4 a6 7. g5 Nfd7 8. h4
b5 9. a3 Bb7 10. Be3 Nc6 11. h5 Rc8 12. Rh3 Nce5 13. g6 Qe7 14. gxf7+ Qxf7 15.
f4 Nc4 16. Bc1 Be7 17. b3 Ncb6 18. Bg2 O-O 19. f5 Bf6 20. Qd2 Nc5 21. b4 Nc4
22. Qf2 exf5 23. bxc5 fxe4 24. c6 Bxc6 25. Nce2 e3 26. Bxe3 Bxg2 27. Qxg2 Bh4+
28. Rxh4 Nxe3 29. Qg1 Nxc2+ 30. Nxc2 Rxc2 31. h6 g6 32. Rh2 Qf3 33. Qf2 Rxe2+
34. Qxe2 Qc3+ 35. Kd1 Qxa1+ 36. Kd2 Qb2+ 37. Kd1 Qb3+ 38. Kd2 Rc8 39. Ke1 Qb1+
0-1

[Event "Campeonato del Mundo sub-20 2010"]
[Site "Chotowa POL"]
[Date "2010.08.13"]
[Round "10.10"]
[White "Can, Emre"]
[Black "Soors, Stef"]
[Result "1/2-1/2"]
[WhiteElo "2477"]
[BlackElo "2259"]
[PlyCount "69"]
[EventDate "2010.08.03"]
[EventType "swiss"]
[EventRounds "13"]
[EventCountry "POL"]
[Source "lmi"]
[SourceDate "2010.08.03"]

1. e4 c6 2. Ne2 d5 3. e5 c5 4. d4 Nc6 5. c3 Bf5 6. dxc5 e6 7. b4 Nge7 8. Nd4
Qb8 9. f4 g5 10. Bb5 gxf4 11. O-O Bg7 12. Bxf4 Bxe5 13. Bxe5 Qxe5 14. Nxf5 Nxf5
15. Re1 Qg7 16. Qxd5 O-O 17. Qe4 Nce7 18. Qe5 Qg5 19. Na3 Rad8 20. Rad1 Ng6 21.
Qe4 Nf4 22. Kh1 Rxd1 23. Rxd1 Ng3+ 24. hxg3 Qh5+ 25. Kg1 Qxd1+ 26. Bf1 Ng6 27.
Nb5 Qd2 28. a4 Rd8 29. Nd6 Qxc3 30. Qxb7 Qe3+ 31. Kh1 Qh6+ 32. Kg1 Qe3+ 33. Kh1
Qh6+ 34. Kg1 Qe3+ 35. Kh1 1/2-1/2

[Event "Campeonato del Mundo sub-20 2010"]
[Site "Chotowa POL"]
[Date "2010.08.13"]
[Round "10.12"]
[White "Hovhannisyan, Robert"]
[Black "Simonian, Hrair"]
[Result "1/2-1/2"]
[WhiteElo "2529"]
[BlackElo "2494"]
[PlyCount "106"]
[EventDate "2010.08.03"]
[EventType "swiss"]
[EventRounds "13"]
[EventCountry "POL"]
[Source "lmi"]
[SourceDate "2010.08.03"]

1. c4 e6 2. Nc3 d5 3. d4 Nf6 4. Nf3 Be7 5. Bg5 O-O 6. e3 b6 7. cxd5 Nxd5 8.
Bxe7 Qxe7 9. Nxd5 exd5 10. Rc1 a5 11. Bd3 Na6 12. O-O c5 13. dxc5 Nxc5 14. Bb1
Ba6 15. Re1 Rfd8 16. Nd4 Qf6 17. a3 a4 18. h3 g6 19. Rc3 Bc4 20. Qf3 Qd6 21. h4
Rac8 22. h5 Qe5 23. g4 Rd6 24. hxg6 fxg6 25. Kg2 Rf8 26. Qg3 Qe7 27. e4 Ne6 28.
Nxe6 Rxe6 29. e5 Qg5 30. Bd3 Rf4 31. Bxc4 dxc4 32. f3 Rxe5 33. Rxc4 Rxc4 34.
Qxe5 Qxe5 35. Rxe5 Rc2+ 36. Kg3 Rxb2 37. Re8+ Kf7 38. Rh8 Kg7 39. Ra8 b5 40.
Ra7+ Kf6 41. Rxh7 Rb3 42. Rb7 g5 43. Rb6+ Ke7 44. Rg6 Rxa3 45. Rxg5 Rb3 46.
Rg7+ Kf6 47. Ra7 a3 48. Ra6+ Kf7 49. Ra7+ Ke6 50. Ra6+ Kf7 51. Ra7+ Kf6 52.
Ra6+ Ke7 53. Ra7+ Kf6 1/2-1/2

[Event "Campeonato del Mundo sub-20 2010"]
[Site "Chotowa POL"]
[Date "2010.08.13"]
[Round "10.13"]
[White "Nabaty, Tamir"]
[Black "Pacher, Milan"]
[Result "1-0"]
[WhiteElo "2523"]
[BlackElo "2417"]
[PlyCount "98"]
[EventDate "2010.08.03"]
[EventType "swiss"]
[EventRounds "13"]
[EventCountry "POL"]
[Source "lmi"]
[SourceDate "2010.08.03"]

1. e4 c5 2. Nf3 d6 3. d4 cxd4 4. Nxd4 Nf6 5. Nc3 a6 6. Bg5 Nbd7 7. Be2 b5 8. a4
b4 9. Nd5 Bb7 10. Bxf6 Nxf6 11. Nxf6+ gxf6 12. O-O e6 13. Bh5 Ke7 14. Qg4 Qc8
15. Rad1 Bh6 16. Qg3 Qc5 17. Qh3 Qe5 18. Rfe1 Rag8 19. Bf3 Bf8 20. Nf5+ Ke8 21.
Ne3 Rg5 22. Nc4 Qc5 23. b3 Rhg8 24. Qh4 f5 25. g3 Be7 26. Qf4 fxe4 27. Bxe4 Rg4
28. Qf3 Rxe4 29. Rxe4 Kf8 30. Qf4 Bxe4 31. Qxe4 d5 32. Qe5 f6 33. Qxe6 dxc4 34.
Rd5 Qc7 35. Rd7 Qc5 36. Rd5 Qc7 37. h4 cxb3 38. cxb3 Rg6 39. Kg2 Ke8 40. Qxa6
Kf7 41. Qb5 Rg8 42. Rd7 Qe5 43. Qxb4 Rc8 44. Qg4 Rc2 45. Qf3 Ke6 46. Qb7 Bc5
47. Qc6+ Kf5 48. Rd5 Rxf2+ 49. Kh3 Bd4 1-0

[Event "Campeonato del Mundo sub-20 2010"]
[Site "Chotowa POL"]
[Date "2010.08.13"]
[Round "10.15"]
[White "Leniart, Arkadiusz"]
[Black "Diamant, Andre"]
[Result "1/2-1/2"]
[WhiteElo "2423"]
[BlackElo "2518"]
[PlyCount "78"]
[EventDate "2010.08.03"]
[EventType "swiss"]
[EventRounds "13"]
[EventCountry "POL"]
[Source "lmi"]
[SourceDate "2010.08.03"]

1. d4 Nf6 2. c4 g6 3. Nc3 Bg7 4. e4 d6 5. f3 O-O 6. Be3 c5 7. dxc5 dxc5 8. Qxd8
Rxd8 9. Bxc5 Nc6 10. Ba3 Be6 11. Nd5 Nd7 12. O-O-O Nde5 13. Bxe7 Nxe7 14. Nxe7+
Kf8 15. Nd5 Rac8 16. Kb1 Nxc4 17. Bxc4 Rxc4 18. Ne2 Bxd5 19. Rxd5 Rxd5 20. exd5
Ke7 21. Rd1 Kd6 22. b3 Rc5 23. a4 Rxd5 24. Rxd5+ Kxd5 25. Kc2 Be5 26. h3 h5 27.
Kd3 g5 28. Ke3 Kc5 29. Ke4 f6 30. Kd3 f5 31. Nc1 Kd5 32. Na2 Bd6 33. Nc3+ Ke5
34. Ne2 g4 35. hxg4 fxg4 36. fxg4 hxg4 37. Nd4 Bc5 38. Ne2 Bb6 39. Nc3 Bc5
1/2-1/2

[Event "Campeonato del Mundo sub-20 2010"]
[Site "Chotowa POL"]
[Date "2010.08.13"]
[Round "10.16"]
[White "Lalith, Babu Musunuri Rohit"]
[Black "Sethuraman, Sethuraman Panayapp"]
[Result "0-1"]
[WhiteElo "2502"]
[BlackElo "2513"]
[PlyCount "52"]
[EventDate "2010.08.03"]
[EventType "swiss"]
[EventRounds "13"]
[EventCountry "POL"]
[Source "lmi"]
[SourceDate "2010.08.03"]

1. Nf3 Nf6 2. c4 e6 3. Nc3 d5 4. d4 c6 5. Bg5 dxc4 6. e4 b5 7. e5 h6 8. Bh4 g5
9. Nxg5 hxg5 10. Bxg5 Nbd7 11. g3 Qa5 12. exf6 b4 13. Ne4 Ba6 14. Qf3 O-O-O 15.
Be2 e5 16. dxe5 Nxe5 17. Qf5+ Kb7 18. O-O Rd5 19. a3 c3 20. Bxa6+ Qxa6 21. Qf4
cxb2 22. Rab1 Qe2 23. h4 Nd3 24. Qe3 Qxe3 25. Bxe3 bxa3 26. Nc3 Rd8 0-1

[Event "Campeonato del Mundo sub-20 2010"]
[Site "Chotowa POL"]
[Date "2010.08.13"]
[Round "10.17"]
[White "Ter-Sahakyan, Samvel"]
[Black "Dimitrov, Radoslav"]
[Result "1-0"]
[WhiteElo "2525"]
[BlackElo "2380"]
[PlyCount "71"]
[EventDate "2010.08.03"]
[EventType "swiss"]
[EventRounds "13"]
[EventCountry "POL"]
[Source "lmi"]
[SourceDate "2010.08.03"]

1. e4 c5 2. Nf3 d6 3. d4 Nf6 4. Nc3 cxd4 5. Nxd4 a6 6. Be3 e5 7. Nb3 Be6 8. Qd2
Be7 9. f3 O-O 10. O-O-O Nbd7 11. g4 Qc7 12. h4 b5 13. h5 Nb6 14. Bxb6 Qxb6 15.
g5 Nd7 16. Bh3 b4 17. Nd5 Bxd5 18. exd5 Nc5 19. Nxc5 Qxc5 20. Bf5 a5 21. Kb1 a4
22. g6 h6 23. gxf7+ Kh8 24. Be6 Bg5 25. Qd3 b3 26. a3 bxc2+ 27. Qxc2 Qb6 28.
Qg6 Rab8 29. Rh2 Qb3 30. Rdh1 Qxf3 31. Bf5 Rxb2+ 32. Rxb2 Qxh1+ 33. Ka2 Qxd5+
34. Ka1 Qd1+ 35. Bb1 e4 36. Qxe4 1-0

[Event "Campeonato del Mundo sub-20 2010"]
[Site "Chotowa POL"]
[Date "2010.08.13"]
[Round "10.18"]
[White "Hamitevici, Vladimir"]
[Black "Cori, Tello Jorge Moises"]
[Result "0-1"]
[WhiteElo "2411"]
[BlackElo "2486"]
[PlyCount "102"]
[EventDate "2010.08.03"]
[EventType "swiss"]
[EventRounds "13"]
[EventCountry "POL"]
[Source "lmi"]
[SourceDate "2010.08.03"]

1. d4 d5 2. c4 c6 3. Nf3 Nf6 4. e3 a6 5. Bd3 dxc4 6. Bxc4 e6 7. O-O c5 8. Qe2
b5 9. Bb3 Bb7 10. Nc3 Nbd7 11. Rd1 c4 12. Bc2 b4 13. Nb1 Rc8 14. e4 Be7 15.
Nbd2 Qc7 16. e5 Nd5 17. Ne4 h6 18. h4 Qc6 19. h5 Kd8 20. Bd2 N7b6 21. Rdc1 Kc7
22. a3 Kb8 23. axb4 Nxb4 24. Bb1 Qd5 25. Nc5 Bxc5 26. Ra5 Nc6 27. Rxc5 Nxd4 28.
Rxc8+ Rxc8 29. Qe3 Nxf3+ 30. gxf3 Qxf3 31. Qxf3 Bxf3 32. Kh2 Bxh5 33. Rg1 g6
34. Bxh6 Bf3 35. Kg3 Bd5 36. Kg4 Nd7 37. Bf4 Kc7 38. Rc1 Rb8 39. Rc2 Kc6 40.
Ba2 Kb5 41. Rc3 Nc5 42. Be3 Nd3 43. b3 Nxe5+ 44. Kg3 Rb7 45. Bd4 cxb3 46. Bxb3
Nc4 47. Ba2 a5 48. Kh4 a4 49. Kg5 Nd2 50. Bxd5 exd5 51. Kf4 Nb3 0-1

[Event "Campeonato del Mundo sub-20 2010"]
[Site "Chotowa POL"]
[Date "2010.08.13"]
[Round "10.19"]
[White "Delorme, Axel"]
[Black "Andersen, Mads"]
[Result "1/2-1/2"]
[WhiteElo "2455"]
[BlackElo "2382"]
[PlyCount "131"]
[EventDate "2010.08.03"]
[EventType "swiss"]
[EventRounds "13"]
[EventCountry "POL"]
[Source "lmi"]
[SourceDate "2010.08.03"]

1. d4 Nf6 2. c4 g6 3. Nf3 Bg7 4. g3 d5 5. cxd5 Nxd5 6. Bg2 Nb6 7. O-O Nc6 8.
Nc3 Nxd4 9. Nxd4 Qxd4 10. a4 Qxd1 11. Rxd1 Bxc3 12. bxc3 a5 13. Bf4 c6 14. e4
O-O 15. Bf1 Kg7 16. f3 f6 17. Be3 Nd7 18. Rab1 Ne5 19. Kg2 Nf7 20. Bc5 Re8 21.
Bc4 Kf8 22. f4 Rd8 23. Rd4 Rxd4 24. cxd4 Nd6 25. Bd3 Ne8 26. g4 Nc7 27. f5 Na6
28. Ba3 Nc7 29. Bc5 Na6 30. Ba3 Nc7 31. g5 Ke8 32. gxf6 exf6 33. Bd6 Kd7 34. e5
Nd5 35. Kf3 fxe5 36. dxe5 gxf5 37. Bxf5+ Kd8 38. Bxh7 b5 39. axb5 cxb5 40. Rxb5
Nc7 41. Rb1 Be6 42. Be4 Nd5 43. h4 Rc8 44. Bxd5 Bxd5+ 45. Kf4 Kd7 46. Rb5 Rc4+
47. Kg5 Bf3 48. Rb3 Bd5 49. Rg3 Ke6 50. h5 Rc8 51. Rh3 Be4 52. h6 Bh7 53. Rb3
Rg8+ 54. Kf4 Rg6 55. Bf8 Kf7 56. Bg7 Rg1 57. Rb7+ Kg6 58. e6 Re1 59. Be5 Rf1+
60. Ke3 Re1+ 61. Kd4 Rd1+ 62. Kc4 Rd8 63. Bf4 Bg8 64. Rg7+ Kf5 65. Bc7 Bxe6+
66. Kc3 1/2-1/2

[Event "Campeonato del Mundo sub-20 2010"]
[Site "Chotowa POL"]
[Date "2010.08.13"]
[Round "10.20"]
[White "Ponizil, Cyril"]
[Black "Fodor, Tamas Jr"]
[Result "1/2-1/2"]
[WhiteElo "2406"]
[BlackElo "2452"]
[PlyCount "45"]
[EventDate "2010.08.03"]
[EventType "swiss"]
[EventRounds "13"]
[EventCountry "POL"]
[Source "lmi"]
[SourceDate "2010.08.03"]

1. e4 e5 2. f4 exf4 3. Bc4 Nf6 4. Nc3 c6 5. Bb3 d5 6. exd5 cxd5 7. d4 Be7 8.
Nf3 O-O 9. Bxf4 Nc6 10. O-O Be6 11. Qd3 h6 12. Rae1 Rc8 13. Kh1 Na5 14. Ne5 Nc4
15. Nd1 Bd6 16. c3 Bxe5 17. Bxe5 Ne4 18. Bxc4 Rxc4 19. Nf2 f5 20. Qe3 Rc8 21.
Nd3 Kh7 22. Nc5 Qe7 23. Kg1 1/2-1/2

[Event "Campeonato del Mundo sub-20 2010"]
[Site "Chotowa POL"]
[Date "2010.08.13"]
[Round "10.21"]
[White "Potapov, Pavel"]
[Black "Narmontas, Matas"]
[Result "1/2-1/2"]
[WhiteElo "2445"]
[BlackElo "2379"]
[PlyCount "89"]
[EventDate "2010.08.03"]
[EventType "swiss"]
[EventRounds "13"]
[EventCountry "POL"]
[Source "lmi"]
[SourceDate "2010.08.03"]

1. e4 e6 2. d4 d5 3. exd5 exd5 4. c4 Nf6 5. Nc3 Bb4 6. Bd3 O-O 7. Nge2 dxc4 8.
Bxc4 Nc6 9. O-O Bd6 10. h3 h6 11. Be3 Bf5 12. Ng3 Bg6 13. f4 Re8 14. Qf3 Na5
15. Bb5 c6 16. Be2 Bh5 17. Nxh5 Nxh5 18. Rae1 Nf6 19. Bd3 b5 20. Kh1 Qd7 21.
Ne4 Nxe4 22. Bxe4 Bb4 23. Re2 f5 24. Bd3 Nc4 25. a3 Ba5 26. Rd1 Bb6 27. Bf2
Rxe2 28. Bxc4+ bxc4 29. Qxe2 Qd5 30. Rc1 Bxd4 31. Bxd4 Qxd4 32. Rxc4 Qd5 33. b4
Rd8 34. Rc5 Qb3 35. Qe7 Rd2 36. Re5 Qb1+ 37. Kh2 Qa2 38. Qe6+ Qxe6 39. Rxe6 Rd3
40. Rxc6 Rxa3 41. b5 Rb3 42. Rc5 g6 43. Rc6 Kf7 44. Rc7+ Kf6 45. Rxa7 1/2-1/2

[Event "Campeonato del Mundo sub-20 2010"]
[Site "Chotowa POL"]
[Date "2010.08.13"]
[Round "10.22"]
[White "Arnold, Marc Tyler"]
[Black "Wieczorek, Oskar"]
[Result "1-0"]
[WhiteElo "2432"]
[BlackElo "2316"]
[PlyCount "47"]
[EventDate "2010.08.03"]
[EventType "swiss"]
[EventRounds "13"]
[EventCountry "POL"]
[Source "lmi"]
[SourceDate "2010.08.03"]

1. d4 Nf6 2. Nf3 g6 3. c4 Bg7 4. g3 d5 5. cxd5 Nxd5 6. Bg2 Nb6 7. Nc3 Nc6 8. d5
Bxc3+ 9. bxc3 Qxd5 10. O-O Qxd1 11. Rxd1 Bd7 12. Ba3 Na5 13. Ne5 Ba4 14. Rd3
Rb8 15. Re3 e6 16. Rf3 f5 17. Rf4 g5 18. Rd4 Bc6 19. e4 fxe4 20. Bb4 Bd5 21.
Bxa5 c5 22. Rd2 Nc4 23. Nxc4 Bxc4 24. Bc7 1-0

[Event "Campeonato del Mundo sub-20 2010"]
[Site "Chotowa POL"]
[Date "2010.08.13"]
[Round "10.24"]
[White "Kanarek, Marcel"]
[Black "Golichenko, Ilija"]
[Result "1/2-1/2"]
[WhiteElo "2387"]
[BlackElo "2419"]
[PlyCount "95"]
[EventDate "2010.08.03"]
[EventType "swiss"]
[EventRounds "13"]
[EventCountry "POL"]
[Source "lmi"]
[SourceDate "2010.08.03"]

1. e4 c5 2. Nf3 d6 3. d4 cxd4 4. Nxd4 Nf6 5. Nc3 a6 6. Bg5 e6 7. f4 Nbd7 8. Qf3
Qc7 9. O-O-O Be7 10. g4 b5 11. Bxf6 Nxf6 12. g5 Nd7 13. f5 O-O 14. Qg3 b4 15.
Nce2 Nc5 16. f6 Bd8 17. Qh4 Bb7 18. fxg7 Re8 19. Ng3 d5 20. Nh5 Nxe4 21. Rg1
Qe5 22. Nf3 Qf5 23. Be2 Rc8 24. Nd4 Bxg5+ 25. Rxg5 Qxg5+ 26. Qxg5 Nxg5 27. Rg1
Ne4 28. Bd3 f5 29. Bxe4 dxe4 30. Nf6+ Kf7 31. Nxe8 Rxe8 32. Nxe6 e3 33. Nd4 Be4
34. Kd1 Kg8 35. Ke2 Re7 36. Kxe3 Bxc2+ 37. Kf3 Bd3 38. Rd1 Be4+ 39. Kf4 Rd7 40.
Ke5 a5 41. h4 Rxg7 42. Ne6 Ra7 43. Rg1+ Kh8 44. h5 h6 45. Rg6 Bb1 46. a3 bxa3
47. bxa3 Ra8 48. Rxh6+ 1/2-1/2

[Event "Campeonato del Mundo sub-20 2010"]
[Site "Chotowa POL"]
[Date "2010.08.13"]
[Round "10.25"]
[White "Debashis, Das"]
[Black "Arenas Vanegas, David"]
[Result "1/2-1/2"]
[WhiteElo "2411"]
[BlackElo "2364"]
[PlyCount "116"]
[EventDate "2010.08.03"]
[EventType "swiss"]
[EventRounds "13"]
[EventCountry "POL"]
[Source "lmi"]
[SourceDate "2010.08.03"]

1. e4 c5 2. Nf3 d6 3. d4 cxd4 4. Nxd4 Nf6 5. Nc3 a6 6. Be3 e5 7. Nb3 Be6 8. Qd2
Be7 9. f3 h5 10. a4 Nbd7 11. a5 O-O 12. Be2 Rc8 13. O-O Qc7 14. Rfd1 Rfd8 15.
Nc1 d5 16. exd5 Nf8 17. Bb6 Bc5+ 18. Bxc5 Qxc5+ 19. Kh1 Nxd5 20. Nd3 Qc7 21.
Nxd5 Rxd5 22. Rdc1 Ng6 23. Qe1 h4 24. h3 Qd8 25. Bf1 Bf5 26. b4 Qg5 27. Nc5 Nf4
28. c4 Rdd8 29. Nxb7 Rd4 30. Nc5 Re8 31. Rd1 Rxc4 32. Rac1 Rxc1 33. Rxc1 Nh5
34. Bxa6 Ng3+ 35. Kh2 Qf4 36. Rc4 e4 37. Kg1 Qh6 38. fxe4 Qg6 39. Rc3 Bxe4 40.
Re3 f5 41. Bc4+ Kh8 42. Qf2 Qh6 43. Re1 Rd8 44. Nxe4 fxe4 45. a6 Qd6 46. Rxe4
g5 47. Re1 Rf8 48. Qc5 Qf4 49. a7 Ra8 50. Qd5 Rf8 51. a8=Q Ne2+ 52. Kh1 Ng3+
53. Kg1 Ne2+ 54. Rxe2 Qf1+ 55. Kh2 Qf4+ 56. g3 hxg3+ 57. Kg2 Qf1+ 58. Kxg3 Qf4+
1/2-1/2

[Event "Campeonato del Mundo sub-20 2010"]
[Site "Chotowa POL"]
[Date "2010.08.13"]
[Round "10.26"]
[White "Dragun, Kamil"]
[Black "Nyzhnyk, Illya"]
[Result "0-1"]
[WhiteElo "2379"]
[BlackElo "2543"]
[PlyCount "80"]
[EventDate "2010.08.03"]
[EventType "swiss"]
[EventRounds "13"]
[EventCountry "POL"]
[Source "lmi"]
[SourceDate "2010.08.03"]

1. e4 c5 2. Nf3 d6 3. d4 cxd4 4. Nxd4 Nf6 5. Nc3 a6 6. Bg5 e6 7. f4 Be7 8. Qf3
Qc7 9. O-O-O Nbd7 10. Bd3 h6 11. Bh4 g5 12. fxg5 Ne5 13. Qe2 Nfg4 14. Nf3 hxg5
15. Bg3 Nxf3 16. gxf3 Ne5 17. h4 gxh4 18. f4 Nxd3+ 19. Rxd3 Bd7 20. Bf2 Qa5 21.
Qe1 Qh5 22. Rdh3 Qg4 23. Qe3 Bc6 24. Ne2 e5 25. Kb1 O-O-O 26. Rg1 Qd7 27. Rd1
exf4 28. Qb3 Qg4 29. Re1 Bf6 30. Bd4 Be5 31. Rc3 Qd7 32. Rd1 f6 33. Qb6 Qc7 34.
Qb3 Qd7 35. Qb6 h3 36. Qa7 Qc7 37. Rh1 h2 38. Bb6 Qb8 39. Qxb8+ Kxb8 40. Bxd8
Bxe4 0-1

[Event "Campeonato del Mundo sub-20 2010"]
[Site "Chotowa POL"]
[Date "2010.08.13"]
[Round "10.28"]
[White "Grandelius, Nils"]
[Black "Botta, Gabriele"]
[Result "1-0"]
[WhiteElo "2505"]
[BlackElo "2302"]
[PlyCount "83"]
[EventDate "2010.08.03"]
[EventType "swiss"]
[EventRounds "13"]
[EventCountry "POL"]
[Source "lmi"]
[SourceDate "2010.08.03"]

1. c4 e6 2. g3 Nf6 3. Bg2 d5 4. Nf3 Be7 5. O-O O-O 6. d4 b6 7. cxd5 exd5 8. Nc3
Bb7 9. Bf4 Na6 10. Ne5 h6 11. Rc1 c5 12. dxc5 Nxc5 13. Nb5 Ne6 14. a3 a6 15.
Nd4 Nxd4 16. Qxd4 Bc5 17. Qd3 Qe7 18. b4 Bd6 19. Nc6 Qd7 20. Bxd6 Qxd6 21. Nd4
Rac8 22. Bh3 Rxc1 23. Rxc1 Qe5 24. f4 Qb8 25. Qc3 Kh8 26. Nf3 d4 27. Qxd4 Bxf3
28. exf3 Rd8 29. Qxd8+ Qxd8 30. Rc8 Qxc8 31. Bxc8 a5 32. bxa5 bxa5 33. Kf2 Nd5
34. Ke2 Nc3+ 35. Kd3 Nb5 36. a4 Nd6 37. Ba6 Kg8 38. Kd4 Kf8 39. Kc5 Ke7 40. Kb6
Kd7 41. Bb5+ Ke6 42. Kxa5 1-0

[Event "Campeonato del Mundo sub-20 2010"]
[Site "Chotowa POL"]
[Date "2010.08.13"]
[Round "10.29"]
[White "Piorun, Kacper"]
[Black "Barski, Radoslaw"]
[Result "1-0"]
[WhiteElo "2499"]
[BlackElo "2290"]
[PlyCount "61"]
[EventDate "2010.08.03"]
[EventType "swiss"]
[EventRounds "13"]
[EventCountry "POL"]
[Source "lmi"]
[SourceDate "2010.08.03"]

1. e4 c5 2. Nf3 d6 3. d4 cxd4 4. Nxd4 Nf6 5. Nc3 g6 6. Be3 Bg7 7. f3 Nc6 8. Qd2
O-O 9. Bc4 Bd7 10. O-O-O Rb8 11. h4 b5 12. Bb3 Na5 13. Kb1 Nc4 14. Bxc4 bxc4
15. Ka1 h5 16. g4 Qb6 17. Rb1 Qa5 18. gxh5 Nxh5 19. Rhg1 Rfc8 20. f4 e5 21.
fxe5 dxe5 22. Nde2 Bc6 23. Ng3 Nf4 24. h5 Rd8 25. Qe1 Ba4 26. Nf5 Bxc2 27. hxg6
Bxb1 28. gxf7+ Kf8 29. Qh4 Qb4 30. Bc5+ Qxc5 31. Rxg7 1-0

[Event "Campeonato del Mundo sub-20 2010"]
[Site "Chotowa POL"]
[Date "2010.08.13"]
[Round "10.30"]
[White "Recuero Guerra, David"]
[Black "Larmuseau, Maarten"]
[Result "1/2-1/2"]
[WhiteElo "2470"]
[BlackElo "2277"]
[PlyCount "85"]
[EventDate "2010.08.03"]
[EventType "swiss"]
[EventRounds "13"]
[EventCountry "POL"]
[Source "lmi"]
[SourceDate "2010.08.03"]

1. e4 e6 2. d4 d5 3. Nc3 Bb4 4. e5 c5 5. Qg4 g6 6. dxc5 Bxc3+ 7. bxc3 Qc7 8.
Nf3 Nd7 9. Bb5 Qxc5 10. Qb4 Qxb4 11. cxb4 a6 12. Be2 Ne7 13. a3 Nb6 14. Be3 Na4
15. c4 Nc3 16. Bc5 Bd7 17. Nd2 Nxe2 18. Kxe2 Bc6 19. a4 dxc4 20. Nxc4 Bxg2 21.
Rhd1 Nd5 22. Rac1 Nf4+ 23. Ke3 Nd5+ 24. Ke2 Nf4+ 25. Ke1 Bd5 26. Nd6+ Kf8 27.
Rd4 g5 28. Ne4+ Kg7 29. Nxg5 Ng6 30. f4 Rac8 31. a5 Nh4 32. Kf2 h6 33. Ne4 Bxe4
34. Rxe4 Nf5 35. Ree1 Rhd8 36. Rg1+ Kh7 37. Rgd1 Kg6 38. Kf3 Kh5 39. Ke4 Kg4
40. Rg1+ Kh5 41. Rgd1 Kg6 42. Bb6 Rd7 43. Rc7 1/2-1/2

[Event "Campeonato del Mundo sub-20 2010"]
[Site "Chotowa POL"]
[Date "2010.08.13"]
[Round "10.32"]
[White "Krzyzanowski, Marcin"]
[Black "Firat, Burak"]
[Result "1/2-1/2"]
[WhiteElo "2377"]
[BlackElo "2420"]
[PlyCount "95"]
[EventDate "2010.08.03"]
[EventType "swiss"]
[EventRounds "13"]
[EventCountry "POL"]
[Source "lmi"]
[SourceDate "2010.08.03"]

1. d4 d5 2. c4 c6 3. Nf3 Nf6 4. Nc3 e6 5. Bg5 h6 6. Bh4 dxc4 7. e4 g5 8. Bg3 b5
9. Ne5 h5 10. h4 g4 11. Be2 Bb7 12. O-O Bg7 13. Qc2 a6 14. Rad1 Qe7 15. b3 cxb3
16. axb3 Nfd7 17. Nxd7 Nxd7 18. e5 c5 19. Ne4 Bxe4 20. Qxe4 O-O 21. dxc5 Nxc5
22. Qe3 Rfd8 23. Rc1 Rd5 24. Rfd1 Rad8 25. Rxd5 Rxd5 26. f3 f5 27. Bf4 Nd7 28.
Bg5 Qb4 29. Bh6 Qd4 30. Qxd4 Rxd4 31. Be3 Rb4 32. Rc8+ Bf8 33. Bd1 gxf3 34.
gxf3 f4 35. Bf2 Kf7 36. Rc7 Ke8 37. Rc8+ Kf7 38. Bc2 a5 39. Rc7 Ke8 40. Rc8+
Kf7 41. Rc7 Ke8 42. Rc6 a4 43. bxa4 bxa4 44. Be1 Rb7 45. Bxa4 Kf7 46. Rc4 Nxe5
47. Rxf4+ Kg8 48. Bc3 1/2-1/2

[Event "Campeonato del Mundo sub-20 2010"]
[Site "Chotowa POL"]
[Date "2010.08.13"]
[Round "10.34"]
[White "Bajarani, Ulvi"]
[Black "Van Rensburg, Ryan Pierre"]
[Result "1-0"]
[WhiteElo "2409"]
[BlackElo "2079"]
[PlyCount "36"]
[EventDate "2010.08.03"]
[EventType "swiss"]
[EventRounds "13"]
[EventCountry "POL"]
[Source "lmi"]
[SourceDate "2010.08.03"]

1. c4 c5 2. g3 Nf6 3. Bg2 e6 4. Nf3 d5 5. cxd5 exd5 6. d4 Nc6 7. O-O Be6 8. Nc3
Be7 9. dxc5 Bxc5 10. Bg5 Be7 11. Nd4 Qb6 12. Nb3 Rd8 13. Re1 d4 14. Na4 Qb5 15.
Nac5 Bd5 16. Bxf6 Bxf6 17. Qd2 Qb6 18. Bxd5 Rxd5 1-0

[Event "Campeonato del Mundo sub-20 2010"]
[Site "Chotowa POL"]
[Date "2010.08.13"]
[Round "10.36"]
[White "Arun, Karthik Ravichandra"]
[Black "Spoelman, Wouter"]
[Result "1/2-1/2"]
[WhiteElo "2289"]
[BlackElo "2580"]
[PlyCount "63"]
[EventDate "2010.08.03"]
[EventType "swiss"]
[EventRounds "13"]
[EventCountry "POL"]
[Source "lmi"]
[SourceDate "2010.08.03"]

1. e4 e5 2. Nf3 Nc6 3. Bb5 a6 4. Ba4 Nf6 5. O-O Be7 6. Re1 b5 7. Bb3 d6 8. c3
O-O 9. h3 Nb8 10. d4 Nbd7 11. Nbd2 Bb7 12. Bc2 c5 13. Nf1 Qc7 14. Ng3 cxd4 15.
cxd4 Rac8 16. Re2 exd4 17. Nxd4 Rfe8 18. a4 bxa4 19. Bxa4 g6 20. Bg5 Qd8 21.
Rc1 Rxc1 22. Qxc1 Qa5 23. Bxd7 Nxd7 24. Bxe7 Rxe7 25. Nc6 Bxc6 26. Qxc6 Ne5 27.
Qxd6 Rd7 28. Qf6 Qc7 29. Kh2 Rd1 30. Re3 h5 31. Rc3 Qb8 32. Qg5 1/2-1/2